000 00735nam a2200181 i 4500
001 124965
003 ES-MaACL
005 20230906192528.0
007 t|
008 070425s1941 sp ||||1| spa d
245 0 0 _aReglamento del personal del Instituto Nacional de Previsión
_b: aprobado por el Consejo del I. N. de P. en sesión de 12 de junio de 1940.
260 _aMadrid :
_b[s.n.],
_c1941 (
_fImprenta y Encuadernación de los Sobrinos de la Sucesora de M. Minuesa de los Ríos)
300 _a36 p. ;
_c21 cm.
490 1 _aPublicaciones del Instituto Nacional de Previsión ;
_v524
830 0 _aPublicaciones del Instituto Nacional de Previsión ;
_v524
_9181151
852 _aES-MaACL
_jC-12631(9)
999 _c124965
_d124965